Responses for Show #5502 - Tuesday, July 8, 2008

Aaron Schroeder game 3.

Contestants

[<< previous game]

Arianna Kelly, a law student from Somerville, Massachusetts

Fred Henn, a tech salesman from McMurray, Pennsylvania

Aaron Schroeder, a graduate student originally from Washington, D.C. (whose 2-day cash winnings total $51,100)

[next game >>]

Jeopardy! Round responses

SCIENCE
LIPSTICK JUNGLE
SOME ASSEMBLY REQUIRED
FUN ACROSS AMERICA
WRITING FOR TV
NICE WORK IF YOU CAN GET IT
    $200 15
light

Arianna
    $200 1
Tarzan & Jane

Aaron
    $200 11
the fairway

Fred
    $200 6
Wyoming

Fred
    $200 17
Hannah Montana

Fred
    $200 22
Steve Jobs

Aaron
    $400 16
centigrade

Aaron
    $400 2
brown

Aaron
    $400 12
a flapjack

Fred
    $400 7
Mount Rushmore

Arianna
    $400 18
The Office

Aaron
    $400 23
J.P. Morgan

Arianna
    $600 24
carbon dioxide

Aaron
    $600 3
Safari

Aaron
    $1,000 13
secondhand

Fred
    $600 8
a flume

Aaron
    $600 19
The X-Files

Arianna
    $600 25
(Paul) Allen

Aaron
    $800 28
a pulley

Aaron
    $800 4
Jaguar

Aaron
    $800 14
hoodwink

Arianna
    $800 9
Graceland

Arianna
    $800 20
Jericho

Arianna
    $800 26
Berlusconi

Aaron
    $1000 29
homeostasis

Triple Stumper
    $1000 5
(Arianna: What is L'Oreal?)

Max Factor

Arianna
Triple Stumper
    $1000 30
a landmark

Aaron
    $1000 10
(Aaron: What is goddess?)
(Alex: More specific.)
(Aaron: What is goddess Vesta?)

green goddess (dressing)

AaronFred
    $1000 21
Mystery Science Theater

Aaron
    $1000 27
(Sergey) Brin

Aaron

Scores at the first commercial break (after clue 15):

Aaron Fred Arianna
$1,600 $2,800 $1,200

Scores at the end of the Jeopardy! Round:

Aaron Fred Arianna
$8,400 $3,000 $3,000

Double Jeopardy! Round responses

WORLD HISTORY
MERE SMITHS
THE ORIGINAL LANGUAGE
(Alex: We'll give you a quotation, you give us [*] of that quotation.)
GEOGRAPHICAL NICKNAMES
"T"s ME, ALEX
TAKE IN ORDER
(Alex: You must take the category in order, clues from top to bottom.)
    $400 20
South Wales

Aaron
    $400 25
Jimmy Stewart

Fred
    $400 6
(Fred: What is Aramaic?)

Hebrew

FredArianna
    $400 1
Indiana

Fred
    $400 7
a TKO, or technical knockout

Fred
    $400 15
sand

Arianna
    $800 21
(Fred: What is the great fire?)

an earthquake

AaronFred
    $800 26
Kevin Smith

Aaron
    $1,200 9
(Alex: Voltaire's Candide.)

French

Aaron
    $800 2
Nebraska

Aaron
    $800 8
taxes

Aaron
    $800 16
Sandra Oh

Arianna
    $1200 22
(Aaron: What is Zurich?)
(Fred: What is Bern?)

Geneva

AaronFredArianna
    $1200 27
Yeardley Smith

Arianna
    $1200 10
(Alex: Words of Socrates, hence the original language, [*].)

Greek

Triple Stumper
    $1200 3
St. Lawrence

Fred
    $1200 12
Tejano

Aaron
    $1200 17
O. Henry

Fred
    $5,000 23
Puerto Rico

Arianna
    $1600 28
101 Dalmatians

Arianna
    $1600 11
(Aaron: What is Sanskrit?)
(Arianna: What is German?)
...
(Alex: The words of Dante Aligheri, Dante, hence [*].)

Italian

AaronArianna
Triple Stumper
    $1600 4
Bucharest

Aaron
    $1600 13
Tintin

Aaron
    $1600 18
(Fred: Who is Westinghouse?)

Henry Ford

Fred
Triple Stumper
    $2000 24
(Arianna: Who is Bolivar?)

(Jose de) San Martin

AaronArianna
    $2000 29
Keely Smith

Triple Stumper
    $2000 30
(Alex: By Schiller.)

German

Arianna
    $2000 5
(Fred: What is Tennessee?)

Georgia

AaronFred
    $2000 14
Tiberius

Fred
    $2000 19
Ford Madox Ford

Arianna

Scores at the end of the Double Jeopardy! Round:

Aaron Fred Arianna
$18,800 $2,600 $14,000

[wagering suggestions for these scores]

Final Jeopardy! Round responses

AMERICAN AUTHORS
FredWho is Jack London?
$2,599
AriannaWho is Jack London?
$14,000
AaronWho is London
$9,201
Jack London

Final scores:

Aaron Fred Arianna
$28,001 $5,199 $28,000
3-day champion: $79,101 3rd place: $1,000 2nd place: $2,000

Game dynamics:

Coryat scores:

Aaron Fred Arianna
$18,400 $2,200 $10,600
26 R
(including 1 DD),
3 W
12 R
(including 1 DD),
5 W
16 R
(including 1 DD),
3 W

Combined Coryat: $31,200

[game clues] [game scores] [suggest correction]

Game tape date: 2008-03-26
The J! Archive is created by fans, for fans. Scraping, republication, monetization, and malicious use prohibited; this site may use cookies and collect identifying information. See terms. The Jeopardy! game show and all elements thereof, including but not limited to copyright and trademark thereto, are the property of Jeopardy Productions, Inc. and are protected under law. This website is not affiliated with, sponsored by, or operated by Jeopardy Productions, Inc. Join the discussion at JBoard.tv.